00410nam a2200181Ia 4500003000400000005001700004006001900021007000300040008004100043024001000084037001200094040002000106041001300126082001100139100002200150245004700172260000900219OSt20220928143139.0a|||||r|||| 00| 0 ta220927b |||||||| |||| 00| 0 eng d a21222 cTextual aSDCLcSDCLbeng 2engaeng aB7, M5 aMarciniak Andrzej 0aNumerical solutions of the n-body problem. c1985